AUTOCAD 2011 FOR ENGINEERS AND GESIGNERS (Record no. 32755)
[ view plain ]
| 000 -LEADER | |
|---|---|
| fixed length control field | 00423nam a22001697a 4500 |
| 003 - CONTROL NUMBER IDENTIFIER | |
| control field | NUST |
| 020 ## - INTERNATIONAL STANDARD BOOK NUMBER | |
| International Standard Book Number | 9789350040645 |
| 038 ## - RECORD CONTENT LICENSOR | |
| Staff Name | khadija |
| 082 ## - DEWEY DECIMAL CLASSIFICATION NUMBER | |
| Classification number | 620.0042028 TIC |
| 100 ## - MAIN ENTRY--PERSONAL NAME | |
| Personal name | Tickoo, Sham |
| 9 (RLIN) | 63924 |
| 245 ## - TITLE STATEMENT | |
| Title | AUTOCAD 2011 FOR ENGINEERS AND GESIGNERS |
| 260 ## - PUBLICATION, DISTRIBUTION, ETC. | |
| Place of publication, distribution, etc. | New Delhi: |
| Name of publisher, distributor, etc. | Dreamtech press, |
| Date of publication, distribution, etc. | 2011. |
| 300 ## - PHYSICAL DESCRIPTION | |
| Extent | 1. V (Unpaged). ; |
| Other physical details | 28 cm. |
| 500 ## - GENERAL NOTE | |
| General note | Paperback. |
| 563 ## - BINDING INFORMATION | |
| Binding note | paper back |
| 942 ## - ADDED ENTRY ELEMENTS (KOHA) | |
| Koha item type | Book |
| Source of classification or shelving scheme | |
| Withdrawn status | Lost status | Source of classification or shelving scheme | Damaged status | Not for loan | Permanent Location | Current Location | Shelving location | Date acquired | Full call number | Barcode | Date last seen | Price effective from | Koha item type | Public note | Total Checkouts | Date last checked out |
|---|---|---|---|---|---|---|---|---|---|---|---|---|---|---|---|---|
| Central Library (CL) | Central Library (CL) | 11/13/2015 | 620.0042028 TIC | SMME-1596 | 03/29/2018 | 11/13/2015 | Book | |||||||||
| School of Mechanical & Manufacturing Engineering (SMME) | School of Mechanical & Manufacturing Engineering (SMME) | Reference | 11/13/2015 | 620.0042028 TIC | SMME-1595 | 03/29/2018 | 11/13/2015 | Book | Rack,7-Shelf,2 | |||||||
| School of Mechanical & Manufacturing Engineering (SMME) | School of Mechanical & Manufacturing Engineering (SMME) | 11/13/2015 | 620.0042028 TIC | SMME-1664 | 02/01/2022 | 11/13/2015 | Book | 1 | 11/09/2021 |
